000 00367nam a2200121Ia 4500
008 170224s9999 xx 000 0 und d
245 _aTrans-Atlantic Equity Volatility Connectedness: U.S. and European Financial Institutions, 2004–2014
260 _bJournal of Financial Econometrics
260 _c2016
300 _a14:1
500 _aWinter
650 _xFinance
999 _c316864
_d316864